Pairs #45 (Film Edition) - Statistics

General Stats
  • This quiz has been taken 167 times
  • The average score is 19 of 25
Answer Stats
Hint Extra Hint Explanation Answer % Correct
Dumb title Farrelly, Peter (Director). (1994). Dumb and dumber [Film]. Katja Motion Picture Corporation; Krevoy/Stabler/Wessler Production. Starring Jim Carrey, Jeff Daniels. Dumber
97%
Willy Wonka title Stuart, Mel (Director). (1971). Willy Wonka & the chocolate factory [Film]. Wolper Pictures; The Quaker Oats Company. Starring Gene Wilder, Jack Albertson. the Chocolate Factory
96%
Indiana Jones title Spielberg, Steven (Director). (1989). Indiana Jones and the last crusade [Film]. Lucasfilm Ltd. Starring Harrison Ford, Denholm Elliott. the Last Crusade
95%
Three Men title Nimoy, Leonard (Director). (1987). Three men and a baby [Film]. Touchstone Pictures; Silver Screen Partners III; Interscope Communications. Starring Tom Selleck, Steve Guttenberg, Ted Danson. a Baby
93%
Starsky title Phillips, Todd (Director). (2004). Starsky & Hutch [Film]. Dimension Films; AR-TL; Weed Road Pictures; Red Hour Productions. Starring Ben Stiller, Owen Wilson. Hutch
90%
Woody characters Woody and Buzz. Best friends Woody the cowboy and Buzz Lightyear (voiced by Tom Hanks and Tim Allen) in the Toy Story franchise (1995, 1999, 2010, 2019, 2022). Buzz
89%
Timon characters Timon and Pumbaa. An animated meerkat and wild boar (voiced by Nathan Lane and Ernie Sabella) introduced in The Lion King (1994). Pumbaa
89%
Popeye characters Popeye and Olive Oyl. Cartoon and comic strip characters and sometime love interests who appeared in the live action musical film Popeye (1980), starring Robin Williams and Shelley Duval. Olive Oyl
88%
The Fox title German, Ted; Rich, Richard; Stevens, Art (Directors). (1981). The fox and the hound [Film]. Walt Disney Productions. Starring Mickey Rooney, Kurt Russell. the Hound
88%
The King title Lang, Walter (Director). (1956). The king and I [Film]. 20th Century-Fox. Starring Deborah Kerr, Yul Brynner. I
86%
Butch Cassidy title Hill, George Roy (Director). (1969). Butch Cassidy and the Sundance Kid [Film]. Campanile Productions; Newman-Foreman Company. Starring Paul Newman, Robert Redford. the Sundance Kid
85%
Smokey title Needham, Hal (Director). (1977). Smokey and the bandit [Film]. Rastar. Starring Burt Reynolds, Sally Field. the Bandit
79%
Roger characters Roger and Jessica Rabbit (voiced by Charles Fleischer and Kathleen Turner), an animated and cross-species married couple in Who Framed Roger Rabbit (1988). Jessica Rabbit
78%
Rose characters Rose and Jack. Rose DeWitt Bukater and Jack Dawson (played by Kate Winslet and Leonardo DiCaprio), ill-fated lovers in Titanic (1997). Jack
77%
Bill characters Bill Preston and Ted Logan (played by Alex Winter and Keanu Reeves), characters in a media franchise that began with Bill & Ted's Excellent Adventure (1989). Ted
77%
Turner title Spottiswoode, Roger (Director). (1989). Turner & Hooch [Film]. Touchstone Pictures; Silver Screen Partners IV. Starring Tom Hanks. Hooch
76%
Arsenic title Capra, Frank (Director). (1944). Arsenic and old lace [Film]. Warner Bros. Starring Cary Grant, Raymond Massey. Old Lace
73%
Mr. Peabody title Minkoff, Rob (Director). (2014). Mr. Peabody & Sherman [Film]. DreamWorks Animation; PDI/DreamWorks; Bullwinkle Studios. Starring Ty Burrell, Max Charles. Sherman
72%
The Old Man title Lowery, David (Director). (2018). The old man & the gun [Film]. Endgame Entertainment; CNE; Sailor Bear; Identity Films; Tango Productions; Wildwood Enterprises; TSG Entertainment. Starring Robert Redford, Casey Affleck. the Gun
61%
Stan title Baird, Jon S. (Director). (2018). Stan & Ollie [Film]. Entertainment One; BBC Films; Fable Pictures; Sonesta Films. Starring Steve Coogan, John C. Reilly. Ollie
57%
Benny title Chechik, Jeremiah S. (Director). (1993). Benny & Joon [Film]. Metro-Goldwyn-Mayer. Starring Johnny Depp, Mary Stuart Masterson. Joon
56%
Love title Prince-Bythewood, Gina (Director). (2000). Love & basketball [Film]. 40 Acres and a Mule Filmworks. Starring Omar Epps, Sanaa Lathan. Basketball
55%
Stanley characters Stanley and Stella. The Kowalskis (played by Marlon Brando and Kim Hunter), characters in A Streetcar Named Desire (1951). Stella
48%
Bernardo characters Bernardo and Anita. Secondary love interests in West Side Story, played by George Chakiris and Rita Moreno (1961) and by David Alvarez and Ariana DeBose (2021 version). Anita
47%
Tracy duo Tracy and Hepburn. Spencer Tracy and Katherine Hepburn, who starred together in nine films and conducted a 26-year-long love affair. Hepburn
36%
No matching quizzes found
Score Distribution
Percent of People with Each Score
Percentile by Number Answered
Your Score History
You have not taken this quiz